Toutes les attaques de Rhinastoc - Statistiques

Statistiques générales
  • Ce quiz a été pris 6 fois
  • Le résultat moyen est 52 sur 147
Statistiques - réponses
Type de quiz Puissance Attaque % Correct
Normal 40 Charge
100%
Sol 100 Séisme
100%
Sol ? Abîme
83%
Sol ? Ampleur
83%
Spectre STATUT Malédiction
83%
Feu 75 Poing Feu
83%
Glace 75 Poing Glace
83%
Acier 80 Tête de Fer
83%
Roche 25+ Boule Roc
67%
Normal 70 Coup d'Boule
67%
Roche 75 Eboulement
67%
Normal 150 Giga Impact
67%
Sol STATUT Jet de Sable
67%
Insecte 120 Mégacorne
67%
Sol 60 Piétisol
67%
Normal ? Retour
67%
Roche 150 Roc-Boulet
67%
Acier ? Tacle Lourd
67%
Sol 90 Telluriforce
67%
Normal 150 Ultralaser
67%
Normal STATUT Abri
50%
Normal STATUT Blabla Dodo
50%
Glace 110 Blizzard
50%
Sol 20 Coud'Boue
50%
Normal 120 Damoclès
50%
Feu 110 Déflagration
50%
Dragon 85 Draco-Choc
50%
Normal ? Empal'Korne
50%
Combat 120 Exploforce
50%
Electrik 110 Fatal-Foudre
50%
Combat ? Frappe Atlas
50%
Normal 20 Frénésie
50%
Normal ? Frustration
50%
Normal 15+ Furie
50%
Acier 50 Griffe Acier
50%
Normal STATUT Groz'Yeux
50%
Roche 100 Lame de Roc
50%
Feu 90 Lance-Flammes
50%
Combat 100 Marto-Poing
50%
Acier STATUT Mur de Fer
50%
Roche STATUT Piège de Roc
50%
Roche STATUT Poliroche
50%
Normal 60 Puissance Cachée
50%
Roche 30 Roulade
50%
Combat 120 Surpuissance
50%
Roche 60 Tomberoche
50%
Roche 50 Anti-Air
33%
Normal STATUT Attraction
33%
Normal 70 Attrition
33%
Normal 90 Bélier
33%
Combat 80 Big Splash
33%
Sol 55 Boue-Bombe
33%
Combat 75 Casse-Brique
33%
Dragon 120 Colère
33%
Normal 130 Coud'Krane
33%
Normal 50 Coupe
33%
Electrik 65 Crocs Eclair
33%
Feu 65 Crocs Feu
33%
Glace 65 Crocs Givre
33%
Normal STATUT Danse-Lames
33%
Eau STATUT Danse Pluie
33%
Ténèbres ? Dégommage
33%
Dragon 100 Draco-Charge
33%
Dragon 60 Draco-Queue
33%
Combat 100 Dynamo-Poing
33%
Combat 40 Eclate-Roc
33%
Electrik 120 Elécanon
33%
Normal 70 Façade
33%
Normal 80 Force
33%
Spectre 70 Griffe Ombre
33%
Normal STATUT Grimace
33%
Eau 110 Hydrocanon
33%
Eau 90 Hydro-Queue
33%
Roche 50 Jet-Pierres
33%
Glace 90 Laser Glace
33%
Roche 120 Laser Météore
33%
Acier 80 Luminocanon
33%
Ténèbres 80 Mâchouille
33%
Normal STATUT Mimi-Queue
33%
Combat 150 Mitra-Poing
33%
Normal ? Patience
33%
Eau 40 Pistolet à O
33%
Normal 85 Plaquage
33%
Ténèbres 40 Poursuite
33%
Psy STATUT Repos
33%
Combat ? Riposte
33%
Normal 50 Ronflement
33%
Eau 35 Siphon
33%
Eau 90 Surf
33%
Feu ? Tacle Feu
33%
Roche STATUT Tempête de Sable
33%
Electrik 90 Tonnerre
33%
Poison STATUT Toxik
33%
Sol 75 Trépignement
33%
Sol 80 Tunnel
33%
Normal 120 Ultimawashi
33%
Glace 55 Vent Glace
33%
Feu STATUT Zénith
33%
Glace 60 Avalanche
17%
Normal 90 Brouhaha
17%
Eau 65 Bulles d'O
17%
Feu 60 Calcination
17%
Sol 95 Cavalerie Lourde
17%
Ténèbres 60 Centrifugifle
17%
Normal 60 Chant Canon
17%
Normal STATUT Clonage
17%
Normal STATUT Confidence
17%
Normal STATUT Coup d'Main
17%
Spectre STATUT Dépit
17%
Poison 80 Direct Toxik
17%
Normal ? Don Naturel
17%
Normal 65 Ecrasement
17%
Normal ? Encore
17%
Normal 90 Escalade
17%
Sol STATUT Fertilisation
17%
Normal 70 Force Cachée
17%
Acier ? Fulmifer
17%
Normal STATUT Hurlement
17%
Normal 65 Koud'Korne
17%
Ténèbres 60 Larcin
17%
Normal 120 Mania
17%
Electrik 60 Onde de Choc
17%
Combat 40 Poing Boost
17%
Electrik 75 Poing Eclair
17%
Roche 60 Pouvoir Antique
17%
Acier 100 Queue de Fer
17%
Normal STATUT Reflet
17%
Ténèbres 50 Représailles
17%
Normal STATUT Séduction
17%
Insecte 40 Taillade
17%
Normal STATUT Ténacité
17%
Normal 80 Téra Explosion
17%
Sol 80 Tunnelier
17%
Normal 80 Ultimapoing
17%
Normal STATUT Vantardise
17%
Dragon 60 Abattage
0%
Normal STATUT Barrage
0%
Combat ? Contre
0%
Normal STATUT Copie
0%
Normal 75 Eclate Griffe
0%
Acier 70 Estocorne
0%
Feu 75 Indignition
0%
Normal 40 Jackpot
0%
Psy STATUT Partage Garde
0%
Sol 70 Sable Ardent
0%
Combat 80 Sacrifice
0%
Electrik 100 Volt Assaut
0%
Aucun quiz correspondant
Distribution des résultats
% des personnes avec chaque résultat
Percentile par nombre de réponses
Votre historique - résultats
Vous n’avez pas pris ce quiz